Audi Models - Statistics

General Stats
  • This quiz has been taken 413 times
  • The average score is 15 of 20
Answer Stats
Picture Answer % Correct
A3
95%
Q3
95%
Q5
95%
A4
94%
A5
93%
A6
93%
R8
91%
A8
89%
Q8
89%
TT
89%
Q7
88%
A1
84%
Q2
81%
Q4 e-tron
73%
Quattro
61%
e-tron GT
48%
80
43%
100
41%
90
27%
50
24%
No matching quizzes found
Score Distribution
Percent of People with Each Score
Percentile by Number Answered
Your Score History
You have not taken this quiz